5 paises mas pequeños por continente - Estadísticas

Estadísticas generales
  • Esta prueba ha sido intentada 85 veces
  • La puntuación promedio es 24 de 30
Estadísticas de respuestas
Continente País % Correcto
Europa Ciudad del Vaticano
100%
Europa San Marino
96%
Europa Mónaco
95%
América del Sur Guyana
93%
América del Sur Surinam
92%
Europa Liechtenstein
90%
Europa Malta
89%
América del Sur Paraguay
86%
Oceanía Tuvalu
86%
América del Sur Uruguay
86%
Oceanía Nauru
85%
América del Norte San Cristóbal y Nieves
85%
América del Sur Ecuador
84%
América del Norte Barbados
82%
América del Norte Antigua y Barbuda
81%
América del Norte Santa Lucía
81%
América del Norte Granada
79%
Oceanía Islas Marshall
79%
Asia Baréin
78%
África Seychelles
78%
África Santo Tomé y Principe
77%
Asia Brunéi
75%
Oceanía Palaos
75%
Asia Singapur
74%
África Cabo Verde
71%
África Mauricio
71%
Oceanía Kiribati
70%
África Comoras
67%
Asia Maldivas
67%
Asia Palestina
21%
No se encontraron pruebas coincidentes
Distribución de puntuación
Porcentaje de gente con cada puntuación
Porcentaje por número respondido
Historial de tus puntuaciones
No has intentado esta prueba.